Music Quiz

Random Music or Song Quiz

Guns N' Roses Songs Quiz Stats

 Plays Quiz Updated Feb 28, 2020

Support Sporcle.
Go Orange.
Score 0/76 Timer 10:00
0 Plays Today
Album Song % Correct
Appetite for DestructionWelcome to the Jungle
93.2%
Appetite for DestructionSweet Child O' Mine
91.5%
Appetite for DestructionParadise City
88.3%
Use Your Illusion INovember Rain
86.3%
Appetite for DestructionMr. Brownstone
78.2%
G N' R LiesPatience
78%
Use Your Illusion IDon't Cry (Original)
72.5%
Use Your Illusion IIDon't Cry (Alt. Lyrics)
72.5%
Appetite for DestructionNightrain
71.8%
Appetite for DestructionRocket Queen
71.2%
Appetite for DestructionMy Michelle
70.2%
Use Your Illusion IICivil War
70%
Use Your Illusion IIKnockin' on Heavens Door
66.3%
Appetite for DestructionIt's So Easy
65.1%
Use Your Illusion ILive and Let Die
63.1%
Use Your Illusion IIYou Could Be Mine
62.5%
Use Your Illusion IIEstranged
61.8%
Chinese DemocracyChinese Democracy
59.6%
Appetite for DestructionYou're Crazy
58.6%
G N' R LiesYou're Crazy
58.6%
Appetite for DestructionOut Ta Get Me
56.9%
Use Your Illusion IComa
56.8%
Use Your Illusion IThe Garden
56.5%
G N' R LiesOne in a Million
56.4%
G N' R LiesUsed to Love Her
55.1%
Use Your Illusion IGarden of Eden
52.6%
G N' R LiesMama Kin
52%
Use Your Illusion IIGet in the Ring
51.4%
Use Your Illusion IIYesterdays
50%
Appetite for DestructionAnything Goes
50%
Use Your Illusion II14 Years
48.9%
Use Your Illusion IDead Horse
48.8%
Appetite for DestructionThink About You
47.5%
Use Your Illusion IRight Next Door to Hell
46%
Use Your Illusion IIMy World
45.6%
Use Your Illusion IDust N' Bones
45.4%
The Spaghetti Incident?Since I Don't Have You
45.2%
Use Your Illusion IILocomotive
44.8%
Album Song % Correct
Use Your Illusion IBad Apples
44.5%
G N' R LiesMove to the City
44.1%
Use Your Illusion IBack Off Bitch
40.9%
Use Your Illusion IDouble Talkin' Jive
40.4%
Use Your Illusion IIPretty Tied Up
40.4%
G N' R LiesNice Boys
39.5%
Use Your Illusion IISo Fine
38.7%
Chinese DemocracyBetter
38.2%
Use Your Illusion IBad Obsession
37.5%
Use Your Illusion IIShotgun Blues
37.4%
G N' R LiesReckless Life
36.7%
Use Your Illusion IIBreakdown
35.3%
Chinese DemocracyMadagascar
34.8%
Use Your Illusion IDon't Damn Me
34.7%
The Spaghetti Incident?Ain't It Fun
33.8%
Use Your Illusion IYou Ain't the First
33.3%
Chinese DemocracyProstitute
33.2%
Use Your Illusion IPerfect Crime
33%
Chinese DemocracyI.R.S.
32.1%
The Spaghetti Incident?Hair of the Dog
31.9%
The Spaghetti Incident?Attitude
31.8%
Chinese DemocracyThis I Love
31.6%
Chinese DemocracyShackler's Revenge
31.4%
The Spaghetti Incident?Down on the Farm
31.3%
The Spaghetti Incident?New Rose
28.8%
Chinese DemocracySorry
28.4%
Chinese DemocracyStreet of Dreams
27.8%
Chinese DemocracyCatcher in the Rye
27.3%
The Spaghetti Incident?Buick Makane (Big Dumb Sex)
25.2%
The Spaghetti Incident?Black Leather
25%
Chinese DemocracyThere Was a Time
24.5%
The Spaghetti Incident?Raw Power
22.9%
Chinese DemocracyIf The World
22.7%
Chinese DemocracyRiad N' the Bedouins
22.5%
The Spaghetti Incident?You Can't Put Your Arms Around a Memory
22.1%
The Spaghetti Incident?I Don't Care About You
21.1%
The Spaghetti Incident?Human Being
20.5%
Chinese DemocracyScraped
19.8%

From the Vault

Click the Islands of the Philippines

by Scuadrado

If they all look like that, then we wanna go to the Philippines ASAP.
Remove Ads.
Support Sporcle.
Get the best of Sporcle when you Go Orange. This ad-free experience offers more features, more stats, and more fun while also helping to support Sporcle. Thank you for becoming a member.

Show Comments

Extras

Top Quizzes Today


Score Distribution

Your Account Isn't Verified!

In order to create a playlist on Sporcle, you need to verify the email address you used during registration. Go to your Sporcle Settings to finish the process.

Report this User

Report this user for behavior that violates our Community Guidelines.

Details: